Olympic Rings Colours - Statistics

Statistiche generali
  • Questo quiz è stato fatto 8 volte
    7 dall'ultimo reset
  • Il punteggio medio è 4 su 5
Statistiche sulle risposte
Colour Continent % Corretto
. America
100%
. Australia
100%
. Africa
83%
. Asia
83%
. Europe
67%
Nessun quiz corrispondente trovato
Distribuzione punteggi
Percentuale di utenti per punteggio
Percentile per numero di risposta
I tuoi punteggi nel tempo
Non hai fatto questo quiz dall'ultimo reset